Nicht verschweigen: Die zerbrechliche Prasenz Gottes
Պահպանված է:
| Հիմնական հեղինակ: | |
|---|---|
| Ձևաչափ: | Գիրք |
| Լեզու: | գերմաներեն |
| Հրապարակվել է: |
Ratisbona
Echter
2003
|
| Հրատարակություն: | 1a. ed |
| Շարք: | Glaubens Worte
|
| Խորագրեր: | |
| Ցուցիչներ: |
Ավելացրեք ցուցիչ
Չկան պիտակներ, Եղեք առաջինը, ով նշում է այս գրառումը!
|
MARC
| LEADER | 00000cam a2200000 a 4500 | ||
|---|---|---|---|
| 001 | UCE8091 | ||
| 003 | CL-VaPUC | ||
| 008 | 150728e20030000gw |||||||||||||||||ger|d | ||
| 020 | |a 3429023084 | ||
| 082 | 0 | 4 | |a 212.7 |b SAN |2 21 |
| 100 | 0 | |a Sander, Hans-Joachim |e author |9 580799 | |
| 245 | 1 | 0 | |a Nicht verschweigen: Die zerbrechliche Prasenz Gottes |
| 250 | |a 1a. ed | ||
| 300 | |a 142 p | ||
| 942 | |c BK | ||
| 945 | |d 20150728 02:04:00 |a dcastane | ||
| 260 | |a Ratisbona |b Echter |c 2003 | ||
| 650 | 0 | |a Existencia de Dios |9 266954 | |
| 650 | 7 | |a OMNIPOTENCIA |2 CL-VaPUC |9 580800 | |
| 650 | 7 | |a PODER DIVINO |2 CL-VaPUC |9 580801 | |
| 583 | |a last modification |c 20150728 02:04:00 |k Rodrigo Vera | ||
| 490 | 0 | |a Glaubens Worte | |
| 999 | |c 360041 |d 360039 | ||
| 952 | |0 0 |1 0 |3 erb |4 0 |6 212_700000000000000_SAN_2003 |7 0 |8 A |9 469667 |a BIBTEO |b BIBTEO |e Casale Rolle, Carlos Ignacio, -2014 |i 5185386 |o 212.7 SAN 2003 |p 5185386 |r 2025-01-17 |w 2019-11-23 |y BK |z Catalogado en:20150728 |k ICR | ||